| 000 | 00427nam a2200181Ia 4500 | ||
|---|---|---|---|
| 005 | 20240927113731.0 | ||
| 008 | 131103s9999 xx 000 0 und d | ||
| 040 | _aLoreto College | ||
| 041 | _aEnglish | ||
| 082 |
_a891.44 _bROY |
||
| 100 | _aRoy, Nalini | ||
| 245 |
_aItihas Charcha _cNalini Roy |
||
| 260 |
_aKolkata _bPioneer _c1982 |
||
| 300 | _a320p. | ||
| 650 | _aEnglish language | ||
| 850 | _aLCBED | ||
| 942 | _cBK | ||
| 999 |
_c30602 _d81081 |
||